Country Quiz- Armenia - Statistics

General Stats
  • This quiz has been taken 28 times
  • The average score is 6 of 12
Answer Stats
Questions Answers % Correct
There's a widely-held belief that Noah's Ark is embedded in the what Mountain? Mount Ararat
96%
What is the capital city? Yerevan
96%
Armenia is still technically at war with who? Azerbaijan
92%
Armenia was the first nation to adopt what religion? Christianity
88%
Armenia's national symbol is in what country? Turkey
72%
What board game is part of the curriculum? Chess
68%
How many Unesco World Heritage Sites does Armenia have? 3
44%
What is the name of the lake which covers one sixth of Armenia's territory? Lake Sevan
36%
The capital city is also known as what? "Pink City"
16%
It has a record-breaking cable car which is how many metres long? 5,752 m
12%
The capital is one of the world's oldest inhabited cities, how many years was it constructed before Rome? 29 years
8%
What's the name of Armenia's main ski resort? Tsakhkadzor
8%
No matching quizzes found
Score Distribution
Percent of People with Each Score
Percentile by Number Answered
Your Score History
You have not taken this quiz